000
00237 a2200097 4500
001
51025
100
_a
Furniss Tim
245
_a
Space Flight: The Records
260
_a
Great Britain
_b
Guinness Superlatives Ltd
_c
090
_c
32313
_d
32313
942
_a
NUST-CAE
_c
M
_c
24796
999
_c
286098
_d
286098